000 00964nac a22002411u 4500
020 _a0713144335
082 _a618.3
_bC371
090 _c3605
_d3605
100 _a20080729
245 _aThe Clinical pathology of pregnancy and the newborn infant /
_c [edited by] Maurice N. CauchiGwendolyn L. Gilbert, James B. Brown ; with a foreword by Roger Pepperell.
260 _aLondon :
_b Edward Arnold, 1984.
_c1984
300 _a373p.:
_bill.;
_c24 cm.
500 _aDonations
500 _aDonations-Bibliotheca Alexandrina
504 _aIncludes bibliographies and index
650 _aPregnancy, Complications of
650 _aPregnant women
_x Diseases
700 _aCauchi, Maurice N.
700 _aGilbert, Gwendolyn L
700 _aBrown, James B.
942 _cBB
_k618.3C371
999 _c3605
_d3605